000 00767nam a22002297a 4500
999 _c14726
_d14726
003 AR-CdUCM
008 190415b ||||| |||| 00| 0 spa d
020 _a978-9972-59-537-0
040 _aMUNICIPALIDAD PROVINCIAL DEL CUSCO
_cBIBLIOTECA MUNICIPAL DEL CUSCO
082 _aEP /808.06 /
_bV74
100 _aVirhuez, Ricardo.
_932050
245 _aEl secreto del área 51 /
260 _aLima :
_bCorporación gráfica Navarretee S.A.,
_c2013.
300 _a47 paginas ;
_c20 cm.
440 _aMisterios sin resolver.
_nExpediente n° 1.
_933597
505 _aContenido :El secreto del área 51.
650 _aHistorias reales
_929099
650 _aEnigmas
_920383
700 _aAyala, Gabriel y Mateo.
_931779
942 _2ddc
_cLIBROS
945 _arum
_d2019-04-24